[Event "Bodenmais Arber Seniors op 10th"]
[Site "Bodenmais"]
[Date "2023.08.13"]
[Round "9"]
[White "Schroeder, Klaus"]
[Black "Birken, Michael"]
[Result "0-1"]
[WhiteElo "1759"]
[BlackElo "1945"]
[PlyCount "100"]
[EventDate "2023.08.05"]
[EventType "swiss"]
[EventRounds "9"]
[EventCountry "GER"]
[SourceTitle "EXT 2024"]
[Source "ChessBase"]
[SourceDate "2023.10.10"]
[SourceVersion "1"]
[SourceVersionDate "2023.10.10"]
[SourceQuality "1"]

1. d4 Nf6 2. Nf3 d6 3. c4 g6 4. Nc3 Bg7 5. e4 0-0 6. Be2 Nbd7 7. 0-0 e5 8. dxe5 dxe5 9. Be3 c6 10. b4 Qe7 11. c5 Rd8 12. Qc2 Nf8 13. Rad1 Bg4 14. Nd2 Bxe2 15. Nxe2 Ng4 16. Nf3 Nxe3 17. fxe3 Rxd1 18. Rxd1 Rd8 19. Nc3 Ne6 20. Nb1 Ng5 21. Rxd8+ Qxd8 22. Nxg5 Qxg5 23. Qd3 Bh6 24. Kf1 Qxe3 25. Qxe3 Bxe3 26. Ke2 Bg1 27. h3 f5 28. Kf3 Kf7 29. Nd2 Ke6 30. a4 a5 31. bxa5 Bxc5 32. a6 bxa6 33. Nc4 Bd4 34. Na5 Kd6 35. Nb3 Bc3 36. Ke3 Bb4 37. Kd3 f4 38. Kc4 a5 39. Nc1 g5 40. Nd3 Bd2 41. Nc5 h5 42. Nb7+ Kc7 43. Nc5 g4 44. Ne6+ Kd6 45. Ng7 f3 46. gxf3 gxh3 47. Nf5+ Ke6 48. Ng3 h2 49. Kc5 Be1 50. Nh1 Kd7 0-1

[Event "RLP Seniors op 17th"]
[Site "Neustadt an der Weinstrasse"]
[Date "2019.07.20"]
[Round "1"]
[White "Schroeder, Klaus"]
[Black "Biebinger, Gerhard"]
[Result "0-1"]
[WhiteElo "1870"]
[BlackElo "2239"]
[PlyCount "48"]
[EventDate "2019.07.20"]
[EventType "swiss"]
[EventRounds "9"]
[EventCountry "GER"]
[SourceTitle "CBM 192 Extra"]
[Source "Chessbase"]
[SourceDate "2019.11.06"]
[SourceVersion "1"]
[SourceVersionDate "2019.11.06"]
[SourceQuality "1"]

1. d4 g6 2. e4 Bg7 3. Nf3 c5 4. Be2 d5 5. exd5 cxd4 6. Nxd4 Qxd5 7. Nf3 Qxd1+ 8. Kxd1 Nc6 9. c3 Bf5 10. Na3 Rd8+ 11. Bd2 Nf6 12. Kc1 0-0 13. Nc2 e5 14. Nh4 Be6 15. Nf3 h6 16. h3 Ne4 17. Be3 b6 18. Rd1 f5 19. Nd2 Nd6 20. f3 Rf7 21. Na3 Rfd7 22. g4 Kf7 23. Kc2 Rc8 24. Ba6 Nb4+ 0-1

[Event "Bad Wiessee Senioren Cup 8th"]
[Site "Bad Wiessee"]
[Date "2019.05.17"]
[Round "7"]
[White "Santl, Anton"]
[Black "Schroeder, Klaus"]
[Result "1/2-1/2"]
[WhiteElo "1952"]
[BlackElo "1848"]
[PlyCount "20"]
[EventDate "2019.05.11"]
[EventType "swiss"]
[EventRounds "9"]
[EventCountry "GER"]
[SourceTitle "EXT 2020"]
[Source "ChessBase"]
[SourceDate "2019.10.17"]
[SourceVersion "1"]
[SourceVersionDate "2019.10.17"]
[SourceQuality "1"]

1. d4 Nf6 2. c4 e6 3. Nf3 b6 4. g3 Bb7 5. Bg2 Be7 6. 0-0 0-0 7. d5 d6 8. Nc3 e5 9. e4 Nbd7 10. Ne1 c6 1/2-1/2

[Event "Untergrombach-ch 35th"]
[Site "Untergrombach"]
[Date "2018.01.02"]
[Round "1"]
[White "Dushatskiy, Fedor"]
[Black "Schroeder, Klaus"]
[Result "1-0"]
[WhiteElo "2174"]
[BlackElo "1875"]
[PlyCount "79"]
[EventDate "2018.01.02"]
[EventType "swiss"]
[EventRounds "7"]
[EventCountry "GER"]
[SourceTitle "CBM 182 Extra"]
[Source "ChessBase"]
[SourceDate "2018.02.23"]
[SourceVersion "1"]
[SourceVersionDate "2018.02.23"]
[SourceQuality "1"]

1. d4 Nf6 2. c4 e6 3. Nc3 Bb4 4. f3 d5 5. a3 Bxc3+ 6. bxc3 0-0 7. e3 b6 8. cxd5 exd5 9. Bd3 Ba6 10. Bxa6 Nxa6 11. Qd3 Nb8 12. Ne2 c5 13. 0-0 Nc6 14. e4 dxe4 15. fxe4 cxd4 16. cxd4 Qd7 17. Rxf6 gxf6 18. Bh6 Kh8 19. Bxf8 Rxf8 20. Rf1 Rg8 21. Rxf6 Ne5 22. Qb3 Qg4 23. Ng3 Ng6 24. Rxf7 Nf4 25. Qf3 Qxf3 26. gxf3 Ne2+ 27. Kf2 Nxd4 28. Rd7 Nc6 29. Rc7 Rg6 30. Nf5 h6 31. Ne7 Nxe7 32. Rxe7 a6 33. Ra7 b5 34. Ke3 Rc6 35. Kf4 Rf6+ 36. Kg4 Rc6 37. e5 Kg8 38. f4 Rc2 39. e6 Rxh2 40. Ra8+ 1-0

[Event "Rheinland Pfalz op Seniors 15th"]
[Site "Neustadt an der Weinstrasse"]
[Date "2017.07.16"]
[Round "2"]
[White "Schroeder, Klaus"]
[Black "Reimer, Karl"]
[Result "1-0"]
[WhiteElo "1865"]
[BlackElo "1565"]
[PlyCount "81"]
[EventDate "2017.07.15"]
[EventType "swiss"]
[EventRounds "9"]
[EventCountry "GER"]
[SourceTitle "EXT 2018"]
[Source "ChessBase"]
[SourceDate "2017.10.13"]
[SourceVersion "1"]
[SourceVersionDate "2017.10.13"]
[SourceQuality "1"]

1. d4 Nf6 2. Nf3 d6 3. c4 c5 4. d5 b5 5. e3 g6 6. b3 Bg7 7. Bb2 Nbd7 8. Bd3 Nb6 9. 0-0 0-0 10. Nbd2 b4 11. Qc2 a5 12. a3 Bd7 13. a4 e6 14. dxe6 Bxe6 15. Ne4 h6 16. Rad1 Qe7 17. Rd2 Rfd8 18. Rfd1 Bg4 19. Nxf6+ Bxf6 20. Bxf6 Qxf6 21. Be2 Ra7 22. h3 Be6 23. Rxd6 Rad7 24. Rxd7 Rxd7 25. Rxd7 Nxd7 26. Qd3 Ne5 27. Nxe5 Qxe5 28. f4 Qc3 29. Kf2 Qf6 30. Bf3 g5 31. Qd2 gxf4 32. exf4 Qc3 33. Qxc3 bxc3 34. Be4 f6 35. Ke2 Bf7 36. Kd1 Kg7 37. Kc2 f5 38. Bxf5 Bg6 39. Bxg6 Kxg6 40. g4 Kf6 41. Kxc3 1-0

[Event "Rheinland Pfalz op Seniors 13th"]
[Site "Neustadt an der Weinstrasse"]
[Date "2015.07.15"]
[Round "6"]
[White "Pueschel, Wilhelm"]
[Black "Schroeder, Klaus"]
[Result "0-1"]
[WhiteElo "1720"]
[BlackElo "1819"]
[PlyCount "101"]
[EventDate "2015.07.10"]
[EventType "swiss"]
[EventRounds "7"]
[EventCountry "GER"]
[SourceTitle "EXT 2019"]
[Source "ChessBase"]
[SourceDate "2018.10.10"]
[SourceVersion "1"]
[SourceVersionDate "2018.10.10"]
[SourceQuality "1"]

1. b4 e5 2. Bb2 d6 3. e3 Nf6 4. Nc3 Be7 5. d3 c6 6. Nf3 b5 7. a4 Qb6 8. a5 Qc7 9. d4 e4 10. Nd2 d5 11. Be2 Bxb4 12. Nb3 a6 13. 0-0 Be6 14. f3 Bxc3 15. Bxc3 0-0 16. Be1 Nbd7 17. Bh4 Rac8 18. Qe1 Bf5 19. f4 Qd6 20. c3 Bg4 21. Bxf6 Nxf6 22. Bxg4 Nxg4 23. Nc5 Ra8 24. h3 Nh6 25. g4 f5 26. g5 Nf7 27. Ra2 Nd8 28. Qc1 Ne6 29. Qa3 Nxc5 30. Qxc5 Qxc5 31. dxc5 Kf7 32. Kg2 Rab8 33. Rb2 Rh8 34. Rh1 h6 35. h4 hxg5 36. hxg5 Rxh1 37. Kxh1 Rh8+ 38. Kg2 Kg6 39. Rb1 Rh4 40. Kg3 Kh5 41. Rd1 Rg4+ 42. Kf2 Rh4 43. Rg1 Kg6 44. Rg2 Rh1 45. Rg1 Rxg1 46. Kxg1 Kh5 47. Kh1 Kg4 48. Kg2 g6 49. Kf2 Kh3 50. Kf1 Kg3 51. Ke1 0-1

[Event "Rheinland Pfalz op Seniors 13th"]
[Site "Neustadt an der Weinstrasse"]
[Date "2015.07.11"]
[Round "2"]
[White "Jovi, Klaus"]
[Black "Schroeder, Klaus"]
[Result "0-1"]
[WhiteElo "1720"]
[BlackElo "1819"]
[PlyCount "130"]
[EventDate "2015.07.10"]
[EventType "swiss"]
[EventRounds "7"]
[EventCountry "GER"]
[SourceTitle "EXT 2019"]
[Source "ChessBase"]
[SourceDate "2018.10.10"]
[SourceVersion "1"]
[SourceVersionDate "2018.10.10"]
[SourceQuality "1"]

1. e4 c6 2. d4 d5 3. Nc3 dxe4 4. Nxe4 Bf5 5. Nc3 e6 6. Nf3 Bd6 7. Be2 h6 8. 0-0 Nf6 9. h3 Nbd7 10. Bd3 Bxd3 11. Qxd3 0-0 12. Ne4 Nxe4 13. Qxe4 Nf6 14. Qe2 Qc7 15. c3 Rfe8 16. Re1 c5 17. dxc5 Bxc5 18. b4 Be7 19. a3 Qxc3 20. Bb2 Qb3 21. Rac1 Rac8 22. Nd4 Qd5 23. Nf3 b6 24. Qa6 Qa8 25. Be5 Nd5 26. Qe2 Rxc1 27. Rxc1 Rc8 28. Rxc8+ Qxc8 29. Qb2 f6 30. Bg3 e5 31. Qb3 Qc6 32. Nh4 Kf8 33. Nf5 b5 34. Qf3 Qc4 35. Qh5 Nf4 36. Bxf4 Qxf4 37. Qg6 Qg5 38. Qxg5 hxg5 39. Ne3 Ke8 40. g4 Kd7 41. Kf1 g6 42. Ke2 Ke6 43. f3 f5 44. Kd3 Bf6 45. Nc2 Bg7 46. Ne3 Bf8 47. Nc2 Be7 48. Na1 Kd5 49. Nc2 Bd8 50. Ne3+ Ke6 51. Nc2 Bb6 52. Na1 Kd5 53. Nc2 e4+ 54. fxe4+ fxe4+ 55. Kc3 Ke5 56. Kd2 Kf4 57. Ke2 Kg3 58. Ne3 Kxh3 59. Nd5 Kxg4 60. Nc3 Kf4 61. Nxb5 g4 62. Nc3 g3 63. Kf1 Kf3 64. Ne2 g2+ 65. Ke1 g1Q+ 0-1

[Event "Bayern-ch op Seniors 26th"]
[Site "Bergen"]
[Date "2014.06.25"]
[Round "6"]
[White "Klein, Reinhard"]
[Black "Schroeder, Klaus"]
[Result "0-1"]
[WhiteElo "1803"]
[BlackElo "1680"]
[PlyCount "78"]
[EventDate "2014.06.21"]
[EventType "swiss"]
[EventRounds "7"]
[EventCountry "GER"]
[SourceTitle "EXT 2018"]
[Source "ChessBase"]
[SourceDate "2017.10.13"]
[SourceVersion "1"]
[SourceVersionDate "2017.10.13"]
[SourceQuality "1"]

1. d4 c5 2. d5 d6 3. e4 e5 4. Nc3 Nf6 5. Bc4 Nbd7 6. a4 b6 7. Nf3 Be7 8. 0-0 0-0 9. Ne1 Ne8 10. Qd3 g5 11. Ne2 Ng7 12. Ng3 Nb8 13. Be3 a5 14. c3 Na6 15. Nc2 Nc7 16. b4 axb4 17. cxb4 Ba6 18. b5 Bc8 19. Ra3 f5 20. exf5 Nxf5 21. Bd2 Nxg3 22. Qxg3 Bf5 23. Ne3 Bg6 24. f3 Rf4 25. Qe1 Rxc4 26. Nxc4 Nxd5 27. Qc1 Nf4 28. Bxf4 gxf4 29. Rd1 Qc7 30. Qd2 Bf7 31. Qe2 Bf8 32. Qe4 Ra7 33. Qd3 d5 34. Nd2 c4 35. Qc3 Qc5+ 36. Kh1 d4 37. Qc1 Qxa3 38. Qxa3 Bxa3 39. Ne4 c3 0-1

[Event "Bayern-ch op Seniors 26th"]
[Site "Bergen"]
[Date "2014.06.22"]
[Round "3"]
[White "Schroeder, Klaus"]
[Black "Walther, Renate"]
[Result "1-0"]
[WhiteElo "1680"]
[BlackElo "818"]
[PlyCount "41"]
[EventDate "2014.06.21"]
[EventType "swiss"]
[EventRounds "7"]
[EventCountry "GER"]
[SourceTitle "EXT 2018"]
[Source "ChessBase"]
[SourceDate "2017.10.13"]
[SourceVersion "1"]
[SourceVersionDate "2017.10.13"]
[SourceQuality "1"]

1. Nf3 e5 2. Nxe5 f6 3. Nf3 d5 4. d4 Bd6 5. e3 Ne7 6. c4 Be6 7. c5 0-0 8. cxd6 cxd6 9. Bd3 g6 10. e4 Nbc6 11. 0-0 Nb4 12. Nc3 Nxd3 13. Qxd3 Qd7 14. Re1 Bg4 15. Bf4 Bxf3 16. Qxf3 Rfe8 17. Nxd5 Nxd5 18. exd5 Kf7 19. Re6 Rxe6 20. dxe6+ Qxe6 21. Qxb7+ 1-0

[Event "Baden-ch op U1800"]
[Site "Birkenfeld"]
[Date "2013.06.02"]
[Round "7"]
[White "Schroeder, Klaus"]
[Black "Watrin, Jan"]
[Result "1-0"]
[WhiteElo "1814"]
[BlackElo "1673"]
[PlyCount "115"]
[EventDate "2013.05.30"]
[EventType "swiss"]
[EventRounds "7"]
[EventCountry "GER"]
[SourceTitle "EXT 2014"]
[Source "ChessBase"]
[SourceDate "2013.11.20"]
[SourceVersion "1"]
[SourceVersionDate "2013.11.20"]
[SourceQuality "1"]

1. d4 d5 2. c4 e6 3. Nc3 Nf6 4. Bg5 Nbd7 5. g3 dxc4 6. Bg2 Be7 7. Nf3 0-0 8. 0-0 c6 9. a4 Qc7 10. e4 h6 11. Bxf6 Nxf6 12. Nd2 e5 13. dxe5 Ng4 14. Nxc4 Nxe5 15. Nxe5 Qxe5 16. Qc2 Be6 17. Rfd1 Rfd8 18. Rxd8+ Rxd8 19. Rd1 Rxd1+ 20. Nxd1 Qd4 21. h3 Bf6 22. Kh2 Qb4 23. Bf1 Bb3 24. Qd3 Bxa4 25. Nc3 Bb3 26. f4 Be6 27. e5 Qxb2+ 28. Bg2 Be7 29. g4 Bb4 30. Qd8+ Bf8 31. Qd3 Qb4 32. Be4 Bc4 33. Qd4 Bb3 34. Qd3 Qc4 35. Qd2 Qc5 36. Bb1 a5 37. Qd3 g6 38. Ne4 Qc4 39. Nf6+ Kg7 40. Ne8+ Kh8 41. Qd2 Bb4 42. Qe3 Bc5 43. Qg3 Qe2+ 44. Qg2 Qxg2+ 45. Kxg2 a4 46. Nd6 Bxd6 47. exd6 Be6 48. f5 gxf5 49. Bxf5 Bd7 50. Bxd7 Kg7 51. Bxc6 Kf8 52. Bxa4 f6 53. Kf3 Kf7 54. d7 Ke7 55. Ke4 h5 56. gxh5 b5 57. Bxb5 Kd8 58. h6 1-0

[Event "Baden-ch op U1800"]
[Site "Birkenfeld"]
[Date "2013.05.31"]
[Round "4"]
[White "Prassas, Georgios"]
[Black "Schroeder, Klaus"]
[Result "0-1"]
[WhiteElo "1697"]
[BlackElo "1814"]
[PlyCount "66"]
[EventDate "2013.05.30"]
[EventType "swiss"]
[EventRounds "7"]
[EventCountry "GER"]
[SourceTitle "EXT 2014"]
[Source "ChessBase"]
[SourceDate "2013.11.20"]
[SourceVersion "1"]
[SourceVersionDate "2013.11.20"]
[SourceQuality "1"]

1. e4 c6 2. d4 d5 3. exd5 cxd5 4. Bd3 Qc7 5. f4 Nf6 6. Nf3 Bg4 7. 0-0 Nc6 8. c3 e6 9. Qe1 Bxf3 10. Rxf3 Bd6 11. Be3 g6 12. Nd2 Ng4 13. h3 Nxe3 14. Qxe3 0-0 15. g4 Rae8 16. Kg2 a6 17. Rh1 b5 18. h4 f5 19. g5 Kg7 20. Nb3 Nd8 21. Nc1 Rh8 22. Ne2 h6 23. gxh6+ Rxh6 24. Rfh3 Reh8 25. Qg3 Nf7 26. Kf3 Qd8 27. Bb1 Kf8 28. Nc1 g5 29. Kf2 Bxf4 30. Qg2 g4 31. Nd3 gxh3 32. Rxh3 Bd6 33. Re3 Qxh4+ 0-1